000 00553nam a2200193Ia 4500
005 20250508150916.0
008 008 250505s9999 xx 000 0 eng d
037 _aTextual
040 _aFEDL
_beng
_cFEDL
041 _aeng
_2eng
084 _a500, AND
_qFEDL
100 _aAndrade E N Da C
_9755597
245 0 _aMore simple science-Earth and man: An introduction to science
260 _aOxford
_bBasil Blackwell
300 _ax,342p
700 _a Huxley Julian
_9757928
942 _cTEXL
_h500, AND
999 _c1326412
_d1326412